Hide Your 'C' Movies Quiz Stats

 Plays Quiz Updated Aug 2, 2018

Support Sporcle.
Go Orange.
Score 0/21 Timer 06:00
11 Plays Today
% Correct
Carrie
(1976)
94.8%
City Slickers
(1991)
94.5%
Captain America:
The First Avenger
(2011)
93.9%
The Curious Case
of Benjamin Button
(2008)
93.7%
Cast Away
(2000)
92.7%
Caddyshack
(1980)
92.2%
Cheaper
by the Dozen
(2003)
90.8%
Catch Me If You Can
(2002)
89.6%
Casino Royale
(2006)
88.7%
Clerks
(1994)
88.1%
Chariots of Fire
(1981)
87.7%
% Correct
Citizen Kane
(1941)
85.5%
Coming to America
(1988)
84.9%
The Chronicles
of Riddick
(2004)
84.7%
The Conjuring
(2013)
83.9%
Charlie's Angels
(2000)
80.5%
The Cell
(2000)
77.6%
Carlito's Way
(1993)
74.3%
Commando
(1985)
73.7%
Crash
(2004)
72.8%
Collateral
(2004)
66.3%

From the Vault

Album by Famous Tracks

by MidnightBarber

Music 8m
This quiz would be much easier if it were filled with singles.
Remove Ads.
Support Sporcle.
Get the best of Sporcle when you Go Orange. This ad-free experience offers more features, more stats, and more fun while also helping to support Sporcle. Thank you for becoming a member.

Show Comments

Extras

Top Quizzes Today


Score Distribution

Your Account Isn't Verified!

In order to create a playlist on Sporcle, you need to verify the email address you used during registration. Go to your Sporcle Settings to finish the process.

Report this User

Report this user for behavior that violates our Community Guidelines.

Details: